00686nam a2200193 a 45000010005000000030008000050050017000130080041000300200015000710350018000860400035001040410008001390820024001472450132001712600089003033000034003926500045004267000021004712740BD-RjUL20211208233617.0131217s1994 gw ||||| |||| 00| 0 eng d a9820102235 a(BD-RjUL)2767 aBD-RjULbengcBD-RjULdBD-RjUL aeng a362.7bWOR 1994223 aWorking effectively with young people:ba training manual for youth workers, leaders andfacilitators /cEdited by Joseph Veramu aSuva, [Fiji] : bCommunity Education Think-Tank in association with IIZ/DVV,c©1994 a ix, 217 p. :bill.;c 26 cm. aSocial work with youth -- Pacific Area.  aJoseph , Veramu